|
|
|
|
| LEADER |
00000naa2a2200000 4500 |
| 001 |
152419 |
| 005 |
20231031150953.0 |
| 035 |
|
|
|a (RuTPU)RU\TPU\book\165250
|
| 090 |
|
|
|a 152419
|
| 100 |
|
|
|a 20090130d2008 k y0rusy50 ca
|
| 101 |
0 |
|
|a rus
|
| 102 |
|
|
|a RU
|
| 200 |
1 |
|
|a Программный пакет для расчёта потенциала и энергетических зон при плоскостном каналировании
|f Е. И. Фикс
|g науч. рук. К. Б. Коротченко
|
| 320 |
|
|
|a Библиогр.: 2 назв.
|
| 461 |
|
1 |
|0 (RuTPU)RU\TPU\book\156858
|t Современные техника и технологии
|o 14 Международная научно-практическая конференция студентов, аспирантов и молодых ученых, г. Томск, 24-28 марта 2008 г.
|o труды
|o в 3 т.
|f Томский политехнический университет (ТПУ)
|d 2008
|
| 463 |
|
0 |
|0 (RuTPU)RU\TPU\book\155178
|t Т. 3
|v С. 127-128
|d 2008
|p 621 с.
|
| 610 |
1 |
|
|a каналирование
|
| 610 |
1 |
|
|a плоскостное каналирование
|
| 610 |
1 |
|
|a программные пакеты
|
| 610 |
1 |
|
|a потенциал
|
| 610 |
1 |
|
|a моделирование
|
| 610 |
1 |
|
|a энергетические зоны
|
| 610 |
1 |
|
|a уравнения Шредингера
|
| 610 |
1 |
|
|a труды учёных ТПУ
|
| 700 |
|
1 |
|a Фикс
|b Е. И.
|c физик
|c инженер-исследователь Томского политехнического университета
|f 1988-
|g Елена Ивановна
|2 stltpush
|3 (RuTPU)RU\TPU\pers\31584
|
| 702 |
|
1 |
|a Коротченко
|b К. Б.
|4 727
|
| 801 |
|
1 |
|a RU
|b 63413507
|c 20090130
|g PSBO
|
| 801 |
|
2 |
|a RU
|b 63413507
|c 20151127
|g RCR
|
| 942 |
|
|
|c BK
|